000 00313pam a2200121a 44500
008 230405s1900 xxu||||| |||| 00| 0 eng d
041 _aENG
100 _aभालेराव,अनंत
245 _aआलो याचि कारणासी
260 _a
_b
_c1900
440 _aSource =
906 _a4624
999 _c784848
_d784848